[Event "Berlin Hellersdorf op"]
[Site "Berlin"]
[Date "2010.01.10"]
[Round "4"]
[White "Heinrich, Manfred"]
[Black "Poeltelt, Helmut"]
[Result "0-1"]
[WhiteElo "1012"]
[BlackElo "1504"]
[PlyCount "68"]
[EventDate "2010.01.08"]
[EventType "swiss"]
[EventRounds "5"]
[EventCountry "GER"]
[SourceTitle "EXT 2012"]
[Source "ChessBase"]
[SourceDate "2011.11.24"]
[SourceVersion "1"]
[SourceVersionDate "2011.11.24"]
[SourceQuality "1"]

1. Nf3 Nf6 2. c4 e6 3. d4 d5 4. Nc3 c6 5. Bg5 Be7 6. e3 h6 7. Bh4 Nbd7 8. Bd3 0-0 9. Qc2 dxc4 10. Bxc4 b5 11. Bd3 Bb7 12. e4 a6 13. 0-0 Rc8 14. Bxf6 Nxf6 15. e5 Nd5 16. Ne4 Nb4 17. Qe2 Nxd3 18. Qxd3 c5 19. Qe3 cxd4 20. Nxd4 Qd5 21. f3 Qxe5 22. Rfe1 Bxe4 23. Qxe4 Qc5 24. Kh1 Bf6 25. Nb3 Qc2 26. Re2 Qxe4 27. fxe4 Be5 28. Rf1 Rfd8 29. g3 Rc4 30. Nd2 Rc2 31. Rd1 Rxb2 32. Kg1 Bc3 33. Rf2 Rdxd2 34. Rf3 Bd4+ 0-1

[Event "Berlin Hellersdorf op"]
[Site "Berlin"]
[Date "2010.01.09"]
[Round "2"]
[White "Heinrich, Manfred"]
[Black "Schroeder, Gert"]
[Result "1-0"]
[WhiteElo "1012"]
[BlackElo "1176"]
[PlyCount "89"]
[EventDate "2010.01.08"]
[EventType "swiss"]
[EventRounds "5"]
[EventCountry "GER"]
[SourceTitle "EXT 2012"]
[Source "ChessBase"]
[SourceDate "2011.11.24"]
[SourceVersion "1"]
[SourceVersionDate "2011.11.24"]
[SourceQuality "1"]

1. d4 Nf6 2. c4 d6 3. Nc3 g6 4. Nf3 Bg7 5. d5 Nbd7 6. e4 c6 7. Qc2 Qc7 8. Bd3 0-0 9. h3 e5 10. dxe6 fxe6 11. 0-0 e5 12. b4 a6 13. Be3 Nh5 14. c5 Nf4 15. Bxf4 Rxf4 16. Qb3+ Kh8 17. Ng5 Nf8 18. Bc4 h6 19. Nf7+ Kh7 20. Nxd6 Qe7 21. Ne2 Rf6 22. Rad1 Be6 23. Bxe6 Nxe6 24. Qg3 Rd8 25. h4 h5 26. Rd3 Nf4 27. Nxf4 exf4 28. Qh3 Rdf8 29. f3 Re6 30. a4 Be5 31. Nxb7 Rb8 32. Nd6 Rxb4 33. Rfd1 Qf6 34. Kh2 Rxa4 35. R1d2 Ra5 36. Nb7 Ra4 37. Nd8 Rd4 38. Nxe6 Rxd3 39. Rxd3 Bb2 40. Ng5+ Kh6 41. Rd7 Qxg5 42. hxg5+ Kxg5 43. Qe6 Bc3 44. Kh3 Be1 45. Rd6 1-0